000 00398nam a2200193Ia 4500
001 11556
003 GE_BSU
008 181216s||||||||xx |||||||||||||| ||und||
020 _a9780140130997
040 _cGE_BSU
100 _aHarvey,John
245 _aOff Minor
260 _aLondon
260 _bPenguin Books
260 _c1992
300 _a260p;18cm.
653 _aOff Minor
942 _cBK
999 _c44751
_d44751